000 00365nam a2200157Ia 4500
008 221030s9999 xx 000 0 und d
020 _a8120329638
041 _aEnglish
082 _a105.23
100 _aS. Kevin
245 0 _aSecurity Analysis & Portfolio Management
260 _bPHI
_aNew Delhi
_c2009
300 _a282
650 _aManagement
942 _cBK
999 _c6136
_d6136